Cargando...

Nambarana prarthana

Detalles Bibliográficos
Autor Principal: Fr. Kerubeen
Formato: Printed Book
Idioma:Malayalam
Publicado: Mathanam Asramam Mathanam Asramam 1924
LEADER 00404nam a2200121Ia 4500
008 111205s9999 xx 000 0 mal d
100 |a Fr. Kerubeen 
245 |a Nambarana prarthana  |c Fr. Kerubeen 
260 |b Mathanam Asramam  |a Mathanam Asramam  |c 1924 
300 |a 126 
942 |c BK 
999 |c 215355  |d 215355 
952 |0 0  |1 0  |2 ddc  |4 1  |7 0  |9 238095  |a MAL  |b MAL  |c ST1  |d 2011-12-05  |g 0.00  |l 0  |p MAL9133  |r 2015-04-13  |v 0.00  |w 2015-04-13  |y BK